[Event "16th Tilburg Interpolis it"]
[Site "Tilburg NED"]
[Date "1992.10.10"]
[Round "1.3"]
[White "Hertneck, Gerald"]
[Black "Dolmatov, Sergei"]
[Result "0-1"]
[WhiteElo "2580"]
[BlackElo "2610"]
[EventDate "1992.10.08"]
[PlyCount "120"]

1. Nf3 e6 2. c4 c5 3. g3 b6 4. Bg2 Bb7 5. O-O Nf6 6. Nc3 Be7 7. d4 cxd4 8. Nxd4
Bxg2 9. Kxg2 a6 10. e4 d6 11. Qa4+ Nfd7 12. Be3 O-O 13. Rac1 Qc7 14. Nce2 Qb7
15. f3 Ne5 16. b4 Nbd7 17. Qb3 Rfe8 18. a3 Rac8 19. Rc2 Bf8 20. Nf4 Nf6 21. h3
Ned7 22. Nd3 d5 23. e5 dxc4 24. Rxc4 Rxc4 25. Qxc4 Nd5 26. Bd2 Rc8 27. Qb3 Qb8
28. f4 b5 29. Rc1 Rxc1 30. Bxc1 N7b6 31. f5 exf5 32. Nxf5 Nc4 33. Kh2 Qc8 34.
Nd4 Qd7 35. Nf3 Qf5 36. Nf4 Nxf4 37. gxf4 Be7 38. Kg3 h5 39. Qc3 Qg6+ 40. Kf2
h4 41. Nd2 Qb6+ 42. Ke2 Qg1 43. Nxc4 bxc4 44. Qxc4 Qg2+ 45. Kd1 Qxh3 46. Qxa6
Qg4+ 47. Qe2 Qg1+ 48. Qe1 Qg2 49. Qe2 Qd5+ 50. Ke1 h3 51. Be3 Bh4+ 52. Kf1 Bg3
53. Bg1 Qb3 54. Bf2 Qb1+ 55. Qe1 Qxe1+ 56. Bxe1 Bxe1 57. b5 Bg3 58. f5 Bxe5 59.
b6 Bd4 60. b7 Ba7 0-1

[Event "16th Tilburg Interpolis it"]
[Site "Tilburg NED"]
[Date "1992.10.10"]
[Round "1.4"]
[White "Dolmatov, Sergei"]
[Black "Hertneck, Gerald"]
[Result "0-1"]
[WhiteElo "2610"]
[BlackElo "2580"]
[EventDate "1992.10.08"]
[PlyCount "126"]

1. e4 g6 2. d4 d6 3. c3 Bg7 4. Nf3 Nd7 5. Bd3 e5 6. O-O Ne7 7. Re1 O-O 8. Nbd2
b6 9. Nf1 Bb7 10. Ng3 exd4 11. cxd4 c5 12. Bf1 cxd4 13. Nxd4 d5 14. Nb5 Nc5 15.
e5 Nc6 16. f4 f6 17. exf6 Bxf6 18. Nc3 Ne7 19. Bd2 Bd4+ 20. Kh1 Bf2 21. Re5
Bxg3 22. hxg3 d4 23. Bc4+ Kh8 24. Qe1 Nf5 25. Rd1 Rc8 26. Nd5 Ne4 27. Bb3
Nexg3+ 28. Kg1 Qh4 29. Re6 Kg7 30. Qe5+ Kh6 31. Bb4 Rfd8 32. Be7 Nxe7 33. Rxe7
Nf5 34. Rxb7 Re8 35. Ne7 Rxe7 36. Rxe7 Nxe7 37. Qxd4 Nf5 38. Qe5 Qg3 39. Qe1
Qxf4 40. Qd2 Qxd2 41. Rxd2 Rc7 42. Kf2 Kg5 43. Kf3 h5 44. a4 Re7 45. a5 Re3+
46. Kf2 Rxb3 47. a6 Rb4 48. Rd7 Rxb2+ 49. Kf3 Rb3+ 50. Kf2 Kg4 51. Rxa7 Rb2+
52. Ke1 Ra2 53. Ra8 g5 54. a7 h4 55. Kd1 Ne3+ 56. Kc1 Nxg2 57. Kb1 Ra6 58. Kb2
h3 59. Kb3 Ne3 60. Kb4 h2 61. Kb5 h1=Q 62. Kxa6 Qxa8 63. Kxb6 Nf5 0-1

[Event "16th Tilburg Interpolis it"]
[Site "Tilburg NED"]
[Date "1992.10.10"]
[Round "1.5"]
[White "Hertneck, Gerald"]
[Black "Dolmatov, Sergei"]
[Result "1-0"]
[WhiteElo "2580"]
[BlackElo "2610"]
[EventDate "1992.10.08"]
[PlyCount "148"]

1. d4 e6 2. e4 d5 3. exd5 exd5 4. Nf3 Nc6 5. Bd3 Bg4 6. c3 Qd7 7. O-O Bd6 8.
Re1+ Nge7 9. h3 Bh5 10. Nbd2 O-O-O 11. Qc2 f6 12. Nh4 Kb8 13. Nf1 g5 14. Nf5
Nxf5 15. Bxf5 Qg7 16. Ng3 Bg6 17. Bd2 Ne7 18. Bd3 Bxg3 19. fxg3 Nc8 20. b3 Nd6
21. c4 Bxd3 22. Qxd3 Ne4 23. Bb4 f5 24. Rad1 dxc4 25. Qxc4 Rhe8 26. d5 Qf6 27.
g4 Qb6+ 28. Kh2 Qf2 29. Qd4 Qxd4 30. Rxd4 c5 31. Bxc5 Nxc5 32. Rxe8 Rxe8 33.
gxf5 Kc7 34. d6+ Kc6 35. Kg3 Nd7 36. Kg4 Kc5 37. Rd1 Rg8 38. Kh5 g4 39. h4 g3
40. Kh6 Nf6 41. d7 Rd8 42. Kg7 Rxd7+ 43. Rxd7 Nxd7 44. Kxh7 Kd5 45. h5 Ke5 46.
Kg6 Nf6 47. h6 b6 48. b4 b5 49. a3 a6 50. h7 Nxh7 51. Kxh7 Kxf5 52. Kh6 Ke4 53.
Kg5 Kd3 54. Kf4 Kc3 55. Kxg3 Kb3 56. Kf4 Kxa3 57. g4 Kxb4 58. g5 Ka3 59. g6 b4
60. g7 b3 61. g8=Q b2 62. Qf8+ Ka2 63. Qf7+ Ka1 64. Qf6 a5 65. Qd4 Kb1 66. Qd1+
Ka2 67. Qa4+ Kb1 68. Ke3 Kc1 69. Qc4+ Kd1 70. Qd3+ Kc1 71. Qc3+ Kb1 72. Kd2 Ka2
73. Qc4+ Kb1 74. Kc3 Ka1 1-0

[Event "16th Tilburg Interpolis it"]
[Site "Tilburg NED"]
[Date "1992.10.10"]
[Round "1.6"]
[White "Dolmatov, Sergei"]
[Black "Hertneck, Gerald"]
[Result "0-1"]
[WhiteElo "2610"]
[BlackElo "2580"]
[EventDate "1992.10.08"]
[PlyCount "54"]

1. e4 e6 2. d4 d5 3. e5 c5 4. c3 Nc6 5. Nf3 Bd7 6. Be2 Nge7 7. Na3 cxd4 8. cxd4
Nf5 9. Nc2 h5 10. O-O Be7 11. Ne3 g5 12. Nxf5 exf5 13. h4 g4 14. Ng5 Qb6 15.
Be3 f4 16. Bxf4 Qxd4 17. Qc1 Rc8 18. Rd1 Qb6 19. Qd2 Be6 20. Nxe6 fxe6 21. Qd3
Kd7 22. b4 Nxb4 23. Qg3 Rc2 24. Kf1 Rhc8 25. a3 Rxe2 26. Kxe2 Qb5+ 27. Rd3 Bxh4
0-1

[Event "16th Tilburg Interpolis it"]
[Site "Tilburg NED"]
[Date "1992.10.10"]
[Round "1.3"]
[White "Popovic, Petar"]
[Black "Ernst, Thomas"]
[Result "1/2-1/2"]
[WhiteElo "2535"]
[BlackElo "2570"]
[EventDate "1992.10.08"]
[PlyCount "90"]

1. e4 e5 2. Nf3 Nc6 3. Bb5 a6 4. Ba4 Nf6 5. O-O Nxe4 6. d4 b5 7. Bb3 d5 8. dxe5
Be6 9. c3 Bc5 10. Nbd2 O-O 11. Bc2 Bf5 12. Nb3 Bg6 13. Nfd4 Bxd4 14. Nxd4 Qd7
15. Nxc6 Qxc6 16. Be3 Rfe8 17. f4 Nxc3 18. bxc3 Qxc3 19. Bd4 Qxc2 20. Qxc2 Bxc2
21. Rfc1 Bd3 22. Rxc7 Rec8 23. Rac1 Bc4 24. Rxc8+ Rxc8 25. a3 Rb8 26. Rb1 g6
27. Kf2 Kf8 28. Ke3 Ke7 29. g4 Kd7 30. Rb2 Kc6 31. f5 gxf5 32. gxf5 Rg8 33. Rf2
Rg4 34. Rf4 Rxf4 35. Kxf4 Bd3 36. Kg5 a5 37. Bc3 a4 38. h4 Kd7 39. Kf6 Ke8 40.
Bd4 Be4 41. Bc5 Bd3 42. h5 Bc2 43. e6 fxe6 44. Kxe6 Bd1 45. h6 Bg4 1/2-1/2

[Event "16th Tilburg Interpolis it"]
[Site "Tilburg NED"]
[Date "1992.10.10"]
[Round "1.3"]
[White "Ftacnik, Lubomir"]
[Black "Winants, Luc"]
[Result "1/2-1/2"]
[WhiteElo "2535"]
[BlackElo "2505"]
[EventDate "1992.10.08"]
[PlyCount "70"]

1. d4 Nf6 2. Nf3 e6 3. c4 d5 4. Nc3 Bb4 5. cxd5 exd5 6. Bg5 Nbd7 7. e3 c5 8.
Bd3 Qa5 9. Qc2 c4 10. Bf5 O-O 11. O-O Re8 12. Nd2 g6 13. Bxd7 Nxd7 14. h4 Nb6
15. f3 Bf8 16. e4 Bg7 17. exd5 Bf5 18. Nde4 Nxd5 19. Qf2 Nxc3 20. bxc3 Qa6 21.
Rae1 h6 22. Bf4 Rad8 23. Re3 Qc6 24. Rfe1 Kh8 25. Nd6 Rf8 26. Nxf5 gxf5 27. Be5
Rg8 28. h5 Bxe5 29. Rxe5 Qf6 30. d5 Qg5 31. Qc2 Qh4 32. Qxf5 Rxd5 33. Qxf7 Rd2
34. R5e2 Qxe1+ 35. Rxe1 Rgxg2+ 1/2-1/2

[Event "16th Tilburg Interpolis it"]
[Site "Tilburg NED"]
[Date "1992.10.10"]
[Round "1.4"]
[White "Winants, Luc"]
[Black "Ftacnik, Lubomir"]
[Result "1/2-1/2"]
[WhiteElo "2505"]
[BlackElo "2535"]
[EventDate "1992.10.08"]
[PlyCount "48"]

1. e4 c5 2. Nf3 d6 3. d4 cxd4 4. Nxd4 Nf6 5. Nc3 a6 6. Bc4 e6 7. Bb3 Nbd7 8. f4
Nc5 9. Qf3 Be7 10. Be3 O-O 11. g4 d5 12. e5 Nfe4 13. Nxe4 dxe4 14. Qh3 Qa5+ 15.
Bd2 Qc7 16. Be3 Qa5+ 17. Bd2 Qc7 18. Be3 a5 19. Bc4 Na4 20. b3 Nb6 21. Nb5 Qc6
22. Nd4 Qc7 23. Nb5 Qc6 24. Nd4 Qc7 1/2-1/2

[Event "16th Tilburg Interpolis it"]
[Site "Tilburg NED"]
[Date "1992.10.10"]
[Round "1.6"]
[White "Winants, Luc"]
[Black "Ftacnik, Lubomir"]
[Result "1-0"]
[WhiteElo "2505"]
[BlackElo "2535"]
[EventDate "1992.10.08"]
[PlyCount "97"]

1. c4 c5 2. g3 g6 3. Bg2 Bg7 4. Nc3 Nc6 5. e3 b6 6. Nge2 Bb7 7. O-O Nh6 8. d4
cxd4 9. exd4 Qc8 10. b3 O-O 11. Bf4 d6 12. Qd2 Nf5 13. d5 Ne5 14. Rac1 h5 15.
Ne4 Qd7 16. Ng5 Rfc8 17. Nc3 a6 18. a4 Nd4 19. Qxd4 Nf3+ 20. Nxf3 Bxd4 21. Nxd4
Kg7 22. Rfe1 Re8 23. Re2 Rac8 24. Rce1 Rc7 25. Bg5 Qd8 26. Bh3 Kg8 27. Ne4 Kg7
28. Bc1 Qa8 29. Bb2 Kg8 30. Ng5 f6 31. Nge6 Rcc8 32. Bg2 Kf7 33. Be4 Rg8 34.
Bg2 Rge8 35. Re3 Qb8 36. Bh3 Ba8 37. Ng5+ Kf8 38. Bxc8 Qxc8 39. Nge6+ Kf7 40.
R1e2 Bb7 41. Bc3 Qd7 42. Bd2 Ba8 43. Nf4 Bb7 44. Nde6 b5 45. axb5 axb5 46. c5
dxc5 47. Nxc5 Qc7 48. Nxb7 Qxb7 49. Bb4 1-0

[Event "16th Tilburg Interpolis it"]
[Site "Tilburg NED"]
[Date "1992.10.10"]
[Round "1.3"]
[White "Lobron, Eric"]
[Black "Georgiev, Kiril"]
[Result "0-1"]
[WhiteElo "2625"]
[BlackElo "2610"]
[EventDate "1992.10.08"]
[PlyCount "112"]

1. d4 Nf6 2. c4 e6 3. Nf3 d5 4. Nc3 Be7 5. Bg5 h6 6. Bh4 O-O 7. e3 b6 8. Be2
dxc4 9. Bxc4 Bb7 10. O-O Nbd7 11. Qe2 a6 12. Rfd1 b5 13. Bd3 Nd5 14. Nxd5 Bxh4
15. Nc3 Be7 16. Be4 c6 17. a3 Qb6 18. b4 a5 19. Qb2 axb4 20. axb4 Rxa1 21. Rxa1
Ra8 22. Rxa8+ Bxa8 23. Qa3 Bb7 24. h3 g6 25. Bc2 Qa6 26. Qb2 Nb6 27. Ne5 Nc4
28. Nxc4 bxc4 29. Ne4 Qb5 30. Nc5 Bxc5 31. dxc5 Ba6 32. h4 c3 33. Qb1 Kg7 34.
h5 gxh5 35. Qd1 Qc4 36. Qxh5 Qf1+ 37. Kh2 Qxf2 38. Qe5+ Qf6 39. Qe4 Bb5 40. Kg1
Kf8 41. Qf4 Kg7 42. Qg3+ Qg5 43. Qf4 e5 44. Qe4 h5 45. Kf2 h4 46. Ke1 Kf6 47.
Kd1 Ke7 48. Kc1 Qf6 49. Bd1 Kf8 50. Kc2 Ba4+ 51. Kc1 Qf1 52. Qg4 Qxd1+ 53. Qxd1
Bxd1 54. Kxd1 f5 55. Kc2 f4 56. Kd3 f3 0-1

[Event "16th Tilburg Interpolis it"]
[Site "Tilburg NED"]
[Date "1992.10.10"]
[Round "1.3"]
[White "Novikov, Igor"]
[Black "Hjartarson, Johann"]
[Result "0-1"]
[WhiteElo "2585"]
[BlackElo "2595"]
[EventDate "1992.10.08"]
[PlyCount "78"]

1. d4 Nf6 2. c4 e6 3. Nf3 b6 4. g3 Ba6 5. b3 Bb7 6. Bg2 Bb4+ 7. Bd2 c5 8. O-O
O-O 9. Bc3 d5 10. cxd5 exd5 11. dxc5 Bxc5 12. Bb2 Na6 13. Nc3 Ne4 14. Rc1 Nc7
15. Nd4 Re8 16. Na4 Bf8 17. Rc2 Nc5 18. Nc3 Qd7 19. Qc1 Rad8 20. Rd1 Qg4 21.
Rcd2 Rc8 22. e3 b5 23. Nc2 N5e6 24. Qb1 Ng5 25. Ne1 Bc5 26. Nxd5 Nxd5 27. Bxd5
Nh3+ 28. Kg2 Bxd5+ 29. Rxd5 Nxf2 30. Kxf2 Bxe3+ 31. Kg2 Qe2+ 32. Kh3 Rc6 33.
Ng2 Rh6+ 34. Nh4 g5 35. Qe4 Rhe6 36. Re5 h5 37. Ng2 Rxe5 38. Bxe5 g4+ 39. Kh4
Bg5+ 0-1

[Event "16th Tilburg Interpolis it"]
[Site "Tilburg NED"]
[Date "1992.10.10"]
[Round "1.3"]
[White "Romanishin, Oleg"]
[Black "Kengis, Edvins"]
[Result "1/2-1/2"]
[WhiteElo "2555"]
[BlackElo "2590"]
[EventDate "1992.10.08"]
[PlyCount "70"]

1. d4 e6 2. g3 c5 3. Nf3 Qa5+ 4. Nbd2 cxd4 5. Nxd4 Nc6 6. N4b3 Qc7 7. Bg2 Nf6
8. O-O Be7 9. c4 d6 10. Nf3 O-O 11. Bf4 e5 12. Bg5 Be6 13. Rc1 a5 14. Nbd2 Rfd8
15. Bxf6 Bxf6 16. Ne4 Be7 17. Qc2 h6 18. Rfd1 a4 19. e3 Qa5 20. Nfd2 Nb4 21.
Qb1 a3 22. bxa3 Qxa3 23. Nc3 Nxa2 24. Nxa2 Qxa2 25. Bxb7 Rdb8 26. Qxa2 Rxa2 27.
Bd5 Bg4 28. Bf3 Bxf3 29. Nxf3 Rbb2 30. Rf1 Bf6 31. Rcd1 e4 32. Nd4 Ra4 33. Nf5
Be5 34. Nxd6 Bxd6 35. Rxd6 Rxc4 1/2-1/2

[Event "16th Tilburg Interpolis it"]
[Site "Tilburg NED"]
[Date "1992.10.09"]
[Round "1.2"]
[White "Kovalev, Andrei"]
[Black "Leko, Peter"]
[Result "1/2-1/2"]
[WhiteElo "2580"]
[BlackElo "2460"]
[EventDate "1992.10.08"]
[PlyCount "93"]

1. e4 Nf6 2. e5 Nd5 3. d4 d6 4. Nf3 Nb6 5. a4 a5 6. exd6 cxd6 7. d5 Na6 8. Be3
Bd7 9. Ng5 Nb4 10. Nc3 g6 11. Qf3 f6 12. Ne6 Bxe6 13. dxe6 Bg7 14. Bb5+ Kf8 15.
O-O Nxc2 16. Qxb7 Nxe3 17. fxe3 Rb8 18. Qf3 Qc8 19. Qh3 Qc5 20. Rac1 Qb4 21. e4
Qd4+ 22. Kh1 Qe5 23. Ne2 Qxe4 24. Qc3 f5 25. Qc7 Qb7 26. Qxb7 Rxb7 27. b4 Bh6
28. Rce1 axb4 29. g4 Kg7 30. gxf5 Rf8 31. fxg6 Rxf1+ 32. Rxf1 hxg6 33. a5 Na8
34. Bc6 Ra7 35. Rf7+ Kg8 36. Bxa8 Rxa8 37. Rxe7 Rxa5 38. Rb7 Re5 39. Nd4 Be3
40. Nc6 Rxe6 41. Nxb4 Bg5 42. Rd7 Bf6 43. Kg2 Bg7 44. Nd5 Re2+ 45. Kf3 Rxh2 46.
Rxd6 Kh7 47. Ne7 1/2-1/2

[Event "16th Tilburg Interpolis it"]
[Site "Tilburg NED"]
[Date "1992.10.10"]
[Round "1.3"]
[White "Kuczynski, Robert"]
[Black "Ribli, Zoltan"]
[Result "1-0"]
[WhiteElo "2525"]
[BlackElo "2610"]
[EventDate "1992.10.08"]
[PlyCount "119"]

1. e4 g6 2. d4 Bg7 3. Nf3 d6 4. Nc3 Nf6 5. Be2 O-O 6. O-O c6 7. Re1 Nbd7 8. a4
Qc7 9. Bf1 e5 10. d5 cxd5 11. exd5 a6 12. Nd2 Nb6 13. Nb3 Bd7 14. a5 Nc4 15.
Ra2 Rac8 16. Nb1 Bf5 17. Bd3 e4 18. Bxc4 Qxc4 19. Nc3 Rfe8 20. Ra4 Qc7 21. Be3
Qd7 22. Rb4 h5 23. Nd4 Rxc3 24. bxc3 Nxd5 25. Rb3 h4 26. c4 Nxe3 27. fxe3 h3
28. g3 Rc8 29. Rb4 Bg4 30. Qd2 Be5 31. c3 Rc5 32. Reb1 Rxa5 33. Qc2 Bxd4 34.
cxd4 Qf5 35. Rxb7 Ra3 36. Qf2 Bf3 37. R7b3 Ra4 38. Rc3 Qa5 39. Rc2 Ra1 40. Rcb2
Rxb1+ 41. Rxb1 Qc3 42. c5 dxc5 43. dxc5 Qxc5 44. Qd2 Kh7 45. Rc1 Qb5 46. Qa2
Kg7 47. Qc2 Kh7 48. Qc4 Qb7 49. Qd4 a5 50. Qc4 Kg7 51. Qc3+ Kh7 52. Qc8 Qb2 53.
Qxh3+ Kg7 54. Re1 Qd2 55. Qf1 a4 56. Qf2 Qc3 57. Qa2 a3 58. Qa1 Qb2 59. Qxb2+
axb2 60. Rb1 1-0

[Event "16th Tilburg Interpolis it"]
[Site "Tilburg NED"]
[Date "1992.10.08"]
[Round "1.1"]
[White "Stohl, Igor"]
[Black "Ligterink, Gert"]
[Result "1-0"]
[WhiteElo "2560"]
[BlackElo "2430"]
[EventDate "1992.10.08"]
[PlyCount "69"]

1. d4 Nf6 2. c4 e6 3. Nc3 Bb4 4. Qc2 O-O 5. Bg5 h6 6. Bh4 c5 7. e3 cxd4 8. exd4
d5 9. cxd5 exd5 10. Bd3 Nc6 11. Nge2 Be7 12. a3 Be6 13. f3 Rc8 14. O-O a6 15.
Bf2 Bd6 16. g4 Qd7 17. Rad1 Na5 18. Bg3 Nc4 19. Bxc4 Rxc4 20. Bxd6 Qxd6 21. Qd2
Rfc8 22. Qf4 Qb6 23. Rd2 Ne8 24. Qe5 f6 25. Nxd5 Bxd5 26. Qxd5+ Kh8 27. Nf4 Nd6
28. Re1 Rc1 29. Rxc1 Rxc1+ 30. Kg2 Nc4 31. Ng6+ Kh7 32. Nf8+ Kh8 33. Qe4 Kg8
34. Re2 Qd6 35. Qh7+ 1-0

[Event "16th Tilburg Interpolis it"]
[Site "Tilburg NED"]
[Date "1992.10.10"]
[Round "1.3"]
[White "Stohl, Igor"]
[Black "Ligterink, Gert"]
[Result "1-0"]
[WhiteElo "2560"]
[BlackElo "2430"]
[EventDate "1992.10.08"]
[PlyCount "89"]

1. c4 Nf6 2. Nc3 g6 3. g3 Bg7 4. Bg2 O-O 5. d4 d6 6. Nf3 Nc6 7. O-O a6 8. Bf4
Bg4 9. Rc1 Nd7 10. d5 Bxf3 11. exf3 Nd4 12. Be3 Nf5 13. Bd2 c5 14. dxc6 bxc6
15. f4 Rb8 16. b3 c5 17. h4 Nf6 18. h5 gxh5 19. Ne4 Ng4 20. Bf3 Nd4 21. Bc3 f5
22. Ng5 e5 23. Bxd4 cxd4 24. Ne6 Qf6 25. Nxf8 Rxf8 26. c5 e4 27. Bxg4 hxg4 28.
c6 d3 29. b4 h5 30. Qb3+ Kh8 31. c7 Rc8 32. Qd5 h4 33. Rc6 Bf8 34. gxh4 Be7 35.
Kg2 Kg7 36. a4 Qxh4 37. Rh1 Qf6 38. b5 axb5 39. axb5 g3 40. Rh3 gxf2 41. Rg3+
Kh6 42. Rc1 f1=Q+ 43. Rxf1 Qb2+ 44. Rf2 Qf6 45. b6 1-0

[Event "16th Tilburg Interpolis it"]
[Site "Tilburg NED"]
[Date "1992.10.10"]
[Round "1.4"]
[White "Ligterink, Gert"]
[Black "Stohl, Igor"]
[Result "0-1"]
[WhiteElo "2430"]
[BlackElo "2560"]
[EventDate "1992.10.08"]
[PlyCount "62"]

1. e4 c6 2. d3 d5 3. Nd2 g6 4. Ngf3 Bg7 5. g3 e5 6. Bg2 Ne7 7. O-O O-O 8. b4 a5
9. bxa5 Qxa5 10. Bb2 Qc7 11. Re1 d4 12. c3 dxc3 13. Bxc3 c5 14. Nc4 Nbc6 15. a4
Be6 16. Nfd2 Rfd8 17. Qb1 Nb4 18. Bxb4 cxb4 19. Qxb4 Rxd3 20. Rec1 Nc6 21. Qb2
Bh6 22. Rc3 Rxc3 23. Qxc3 Nd4 24. Qd3 b5 25. Ne3 bxa4 26. Nd5 Bxd5 27. exd5 Qc2
28. Qxc2 Nxc2 29. Rc1 Nd4 30. Rd1 Ne2+ 31. Kf1 Nc3 0-1

[Event "16th Tilburg Interpolis it"]
[Site "Tilburg NED"]
[Date "1992.10.10"]
[Round "1.6"]
[White "Wolff, Patrick"]
[Black "Lputian, Smbat"]
[Result "1/2-1/2"]
[WhiteElo "2590"]
[BlackElo "2585"]
[EventDate "1992.10.08"]
[PlyCount "129"]

1. e4 e6 2. d4 d5 3. Nd2 c5 4. exd5 exd5 5. Ngf3 Nc6 6. Bb5 Bd6 7. dxc5 Bxc5 8.
O-O Nge7 9. Nb3 Bb6 10. Re1 O-O 11. Be3 Bg4 12. h3 Bxf3 13. Qxf3 Bxe3 14. Rxe3
Rc8 15. c3 Qd6 16. Rd1 Rfd8 17. Qh5 g6 18. Qg5 h6 19. Qg4 Nf5 20. Ree1 a6 21.
Bxc6 bxc6 22. c4 Qf6 23. cxd5 cxd5 24. Rd2 h5 25. Qf3 Kg7 26. Red1 Rd7 27. g4
hxg4 28. hxg4 Qg5 29. Rxd5 Rxd5 30. Rxd5 Rc4 31. Kf1 Rxg4 32. Nd2 Rg1+ 33. Ke2
Qe7+ 34. Qe4 Qf6 35. Qe5 Qxe5+ 36. Rxe5 Nd4+ 37. Kd3 Ne6 38. Ra5 Rc1 39. b4 Rc6
40. Ne4 f5 41. Nc5 Nc7 42. Ra3 g5 43. Kc4 Kf6 44. Rh3 Kg6 45. a4 Rb6 46. Rd3 g4
47. Rd7 Ne6 48. Ra7 f4 49. Ra8 g3 50. fxg3 f3 51. Nxe6 Rxe6 52. Rf8 Re3 53. b5
axb5+ 54. axb5 Kg5 55. b6 Re4+ 56. Kc5 Re5+ 57. Kc4 Re4+ 58. Kd5 Rb4 59. Kc5
Rb3 60. Kc6 Kg4 61. b7 Kxg3 62. b8=Q+ Rxb8 63. Rxb8 f2 64. Rf8 Kg2 65. Rxf2+
1/2-1/2

[Event "16th Tilburg Interpolis it"]
[Site "Tilburg NED"]
[Date "1992.10.09"]
[Round "1.2"]
[White "Milos, Gilberto"]
[Black "Rozentalis, Eduardas"]
[Result "1/2-1/2"]
[WhiteElo "2555"]
[BlackElo "2590"]
[EventDate "1992.10.08"]
[PlyCount "110"]

1. e4 e5 2. Nc3 Nf6 3. Bc4 Nc6 4. d3 Bb4 5. Nf3 O-O 6. O-O Bxc3 7. bxc3 d6 8.
Bg5 h6 9. Bh4 Qe7 10. Re1 a6 11. Qc1 Bg4 12. Nd2 g5 13. Bg3 Nh5 14. Nf1 Be6 15.
Bb3 Bxb3 16. axb3 Qe6 17. Ne3 Ne7 18. Qd1 Nf4 19. d4 Rad8 20. Qf3 Qg6 21. Rad1
f6 22. Rd2 Rde8 23. Bxf4 gxf4 24. Nc4 Kh8 25. Qh3 Rg8 26. f3 Nc6 27. Nb2 Nd8
28. Nd3 Ne6 29. Kh1 Re7 30. Qf5 Qf7 31. dxe5 fxe5 32. Qxf7 Rxf7 33. Kg1 a5 34.
Kf1 h5 35. Ra1 b6 36. Nb2 h4 37. h3 Rfg7 38. Nc4 Rg6 39. Rf2 Kg7 40. Na3 Kf6
41. Nb5 Ke7 42. Rd2 Kd7 43. Ra3 Ng5 44. c4 c6 45. Nc3 Kc7 46. Nd1 Ne6 47. c3
Nc5 48. Rda2 Rg3 49. b4 Nb7 50. Rd2 c5 51. b5 d5 52. cxd5 Nd6 53. Ra4 Nxb5 54.
Rb2 Nd6 55. c4 Rb8 1/2-1/2

[Event "16th Tilburg Interpolis it"]
[Site "Tilburg NED"]
[Date "1992.10.10"]
[Round "1.3"]
[White "Milos, Gilberto"]
[Black "Rozentalis, Eduardas"]
[Result "0-1"]
[WhiteElo "2555"]
[BlackElo "2590"]
[EventDate "1992.10.08"]
[PlyCount "114"]

1. c4 Nf6 2. Nc3 e6 3. Nf3 Bb4 4. Qc2 O-O 5. a3 Bxc3 6. Qxc3 b6 7. b3 Bb7 8.
Bb2 d6 9. e3 c5 10. Be2 Nc6 11. O-O Qe7 12. d4 cxd4 13. Nxd4 Nxd4 14. Qxd4 e5
15. Qh4 Rfe8 16. Rfd1 Rad8 17. a4 a5 18. Ba3 Qe6 19. Rac1 Rd7 20. f3 Red8 21.
e4 Ne8 22. Qf2 f5 23. exf5 Qxf5 24. Qxb6 e4 25. fxe4 Bxe4 26. Qf2 Qe6 27. Rf1
Nf6 28. Rce1 Rb7 29. Bd1 d5 30. Qd4 Rbd7 31. c5 Rc8 32. Be2 Ng4 33. Bb2 Rdc7
34. Bb5 Qg6 35. Re2 Rxc5 36. Bd7 h5 37. Bxc8 Rxc8 38. Rc1 Rxc1+ 39. Bxc1 Qd6
40. g3 Ne5 41. Qc3 Nf3+ 42. Kf2 Nxh2 43. Bb2 Qf8+ 44. Ke3 Nf1+ 45. Kd4 Qd6 46.
Rf2 Nxg3 47. Qc8+ Kh7 48. Qf8 Qb6+ 49. Ke5 Qc7+ 50. Ke6 Qb6+ 51. Kd7 Qb7+ 52.
Kd6 Qb6+ 53. Ke5 Qc7+ 54. Qd6 Qb7 55. Kf4 Qxb3 56. Bxg7 Nf5 57. Qe5 Qg3# 0-1

[Event "16th Tilburg Interpolis it"]
[Site "Tilburg NED"]
[Date "1992.10.10"]
[Round "1.4"]
[White "Rozentalis, Eduardas"]
[Black "Milos, Gilberto"]
[Result "1-0"]
[WhiteElo "2590"]
[BlackElo "2555"]
[EventDate "1992.10.08"]
[PlyCount "73"]

1. e4 d5 2. exd5 Qxd5 3. Nc3 Qa5 4. g3 Nf6 5. Bg2 Bg4 6. Nge2 Nc6 7. h3 Bh5 8.
d3 e5 9. O-O O-O-O 10. a3 Nd4 11. g4 Bg6 12. f4 exf4 13. Bxf4 Nxe2+ 14. Qxe2
Bc5+ 15. Kh1 Bd4 16. Qf3 c6 17. Rae1 Rhe8 18. Bg3 Nd7 19. b4 Qb6 20. Ne4 Be5
21. Nd6+ Bxd6 22. Bxd6 Qd4 23. Bh2 Ne5 24. Qg3 f6 25. g5 Rf8 26. gxf6 gxf6 27.
h4 Qd6 28. Qf4 Rf7 29. h5 Kb8 30. hxg6 hxg6 31. Rxe5 Rh7 32. Re2 Qxf4 33. Rxf4
Rdh8 34. Rh4+ Kc8 35. Rxh7 Rxh7 36. Re6 Rf7 37. Bh3 1-0

[Event "16th Tilburg Interpolis it"]
[Site "Tilburg NED"]
[Date "1992.10.08"]
[Round "1.1"]
[White "Svesnikovs, Jevgenijs"]
[Black "Ree, Hans"]
[Result "1/2-1/2"]
[WhiteElo "2525"]
[BlackElo "2450"]
[EventDate "1992.10.08"]
[PlyCount "167"]

1. e4 c5 2. f4 g6 3. Nf3 Bg7 4. c3 Nc6 5. d4 d5 6. e5 cxd4 7. cxd4 Bg4 8. Bb5
Nh6 9. Be3 Nf5 10. Bf2 O-O 11. Bxc6 bxc6 12. h3 Bxf3 13. Qxf3 f6 14. Qc3 c5 15.
dxc5 fxe5 16. fxe5 Qb8 17. Nd2 Bxe5 18. Qd3 Bxb2 19. Rb1 Qe5+ 20. Kd1 Qf6 21.
Rf1 Bd4 22. Bxd4 Qxd4 23. Qxd4 Nxd4 24. Re1 Nc6 25. Nf3 Rab8 26. Rxb8 Rxb8 27.
Re6 Rc8 28. Kd2 Kf8 29. Ng5 Kg7 30. h4 h6 31. Nf3 Rc7 32. Ne5 Nxe5 33. Rxe5 Kf6
34. Rxd5 Ke6 35. Rd4 Rxc5 36. Ra4 a5 37. Ke3 Re5+ 38. Kf3 Kf6 39. Rc4 Rb5 40.
Rc6+ e6 41. Ra6 Rc5 42. a4 h5 43. Ra8 Rf5+ 44. Ke2 g5 45. hxg5+ Rxg5 46. g3 Rc5
47. Kf3 Ke5 48. Ke3 Kd5 49. Kd3 Kc6 50. Ra6+ Kd5 51. Ra8 Kd6 52. Kd4 Rg5 53.
Ra6+ Ke7 54. Ke4 Kf6 55. Kf3 Rf5+ 56. Ke3 Re5+ 57. Kf3 Kg5 58. Ra8 Rf5+ 59. Kg2
Kg4 60. Rg8+ Rg5 61. Re8 Rc5 62. Rxe6 Rc2+ 63. Kf1 Rc4 64. Kg2 Rxa4 65. Rg6+
Kf5 66. Rh6 Kg5 67. Rh8 Ra2+ 68. Kh3 Rb2 69. Rg8+ Kf6 70. Rf8+ Ke6 71. Re8+ Kd6
72. Rd8+ Kc5 73. Rh8 a4 74. Rxh5+ Kc4 75. Ra5 Kb4 76. Ra8 a3 77. g4 a2 78. Kh4
Kb3 79. g5 Rb1 80. g6 a1=Q 81. Rxa1 Rxa1 82. Kg5 Kc4 83. g7 Rg1+ 84. Kf6
1/2-1/2

[Event "16th Tilburg Interpolis it"]
[Site "Tilburg NED"]
[Date "1992.10.09"]
[Round "1.2"]
[White "Vogt, Lothar"]
[Black "Spasov, Vasil"]
[Result "0-1"]
[WhiteElo "2530"]
[BlackElo "2535"]
[EventDate "1992.10.08"]
[PlyCount "132"]

1. d4 Nf6 2. g3 g6 3. Bg2 Bg7 4. e4 d6 5. Nc3 O-O 6. Nge2 e5 7. dxe5 dxe5 8.
Bg5 Qxd1+ 9. Rxd1 Na6 10. O-O c6 11. f3 Re8 12. Nc1 Nd7 13. Rf2 Ndc5 14. Be3
Bf8 15. Bf1 Nc7 16. Rfd2 a5 17. Nb3 N7e6 18. Nxc5 Nxc5 19. a4 Be6 20. Kf2 Be7
21. b3 Na6 22. Na2 h5 23. Bb6 Bc5+ 24. Bxc5 Nxc5 25. Nc3 Kf8 26. Nb1 g5 27. Na3
g4 28. Be2 Ke7 29. Ke3 gxf3 30. Bxf3 Rh8 31. Be2 Rag8 32. Bc4 Rg4 33. Bxe6 Kxe6
34. Nc4 h4 35. Kf3 Rxe4 36. Nxa5 hxg3 37. hxg3 Rh5 38. Nc4 Rf5+ 39. Kg2 Rg5 40.
Rh1 Reg4 41. Rh3 Ne4 42. Rd3 f5 43. Rh6+ Rg6 44. Rxg6+ Rxg6 45. Re3 Rg7 46. Nb2
Nf6 47. Nd3 Ng4 48. Re2 Rh7 49. Kg1 Kf6 50. a5 e4 51. Nc5 Ke5 52. Rd2 Rh3 53.
Nxb7 Rxg3+ 54. Rg2 Re3 55. Kf1 Rh3 56. Ke2 Ne3 57. Rg8 Rh2+ 58. Ke1 Nxc2+ 59.
Kd1 Nb4 60. Nc5 Ra2 61. Na4 e3 62. Re8+ Kf4 63. Nc3 Rd2+ 64. Ke1 Nd3+ 65. Kf1
Rf2+ 66. Kg1 Ne1 0-1

[Event "16th Tilburg Interpolis it"]
[Site "Tilburg NED"]
[Date "1992.10.08"]
[Round "1.1"]
[White "Tiviakov, Sergei"]
[Black "Van Mil, Johannes"]
[Result "1-0"]
[WhiteElo "2585"]
[BlackElo "2450"]
[EventDate "1992.10.08"]
[PlyCount "77"]

1. e4 c5 2. Nf3 e6 3. d4 cxd4 4. Nxd4 Nc6 5. Nc3 a6 6. g3 Nxd4 7. Qxd4 Ne7 8.
Be3 b5 9. Qd2 Nc6 10. f4 Be7 11. Bg2 Bb7 12. O-O Rc8 13. Qf2 Na5 14. Bd4 O-O
15. Rad1 Nc4 16. Nb1 Qc7 17. Rfe1 e5 18. fxe5 Nxe5 19. c3 Bc5 20. Bxc5 Qxc5 21.
Qxc5 Rxc5 22. Rd4 Re8 23. Nd2 Re7 24. Rd1 Rc8 25. a4 Ng4 26. axb5 axb5 27. Ra1
Ne3 28. Ra7 Bc6 29. Bf3 Nc2 30. Rd6 Rce8 31. Kf2 f5 32. exf5 Bxf3 33. Kxf3 Re3+
34. Kg4 Re2 35. Rdxd7 Ne3+ 36. Kg5 Rxh2 37. Rxg7+ Kh8 38. f6 Rh3 39. Ne4 1-0